LEADER 00978nam0-22003131i-450- 001 990001357340403321 010 $a88-08-03928-5 035 $a000135734 035 $aFED01000135734 035 $a(Aleph)000135734FED01 035 $a000135734 100 $a20000920d1987----km-y0itay50------ba 101 0 $aita 200 1 $aPer la Storia della Logica$eI principii e l'ordine della scienza nel concetto dei pensatori matematici$fFederico Enriques$gcon un'introduzione di Raffaella Simili 210 $aBologna$cZanichelli$d1987 215 $axxii, 302 p.$d24 cm 300 $aRistampa anastatica 610 0 $aStoria della logica e probabilità 676 $a509 700 1$aEnriques,$bFederigo$f<1871-1946>$04712 702 1$aSimili,$bRaffaella 801 0$aIT$bUNINA$gRICA$2UNIMARC 901 $aBK 912 $a990001357340403321 952 $a6A-033$b5367$fFI1 959 $aFI1 996 $aPer la storia della logica$970346 997 $aUNINA DB $aING01 LEADER 00724nam0-22002771i-450 001 990002594480403321 005 20230620105737.0 010 $a273-40170-X 035 $a000259448 035 $aFED01000259448 035 $a(Aleph)000259448FED01 100 $a20030910d1968----km-y0itay50------ba 101 0 $aeng 102 $aGB 200 1 $aInternal control audit$fdi SMITH 205 $aSecond edition 210 $aLondon$cPitman$d1968 215 $aVII, 256 p.$d22 cm 700 1$aSmith,$bCharles Aubrey$0288978 801 0$aIT$bUNINA$gRICA$2UNIMARC 901 $aBK 912 $a990002594480403321 952 $aC2-P34-37-RA$bs.i.$fECA 959 $aECA 996 $aInternal control audit$9435510 997 $aUNINA LEADER 03066 am 2200613 n 450 001 9910495655303321 005 20210127 010 $a2-492861-01-5 035 $a(CKB)4100000011785249 035 $a(FrMaCLE)OB-ephe-1377 035 $a(oapen)https://directory.doabooks.org/handle/20.500.12854/85343 035 $a(PPN)254698425 035 $a(EXLCZ)994100000011785249 100 $a20210304j|||||||| ||| 0 101 0 $afre 135 $auu||||||m|||| 181 $ctxt$2rdacontent 182 $cc$2rdamedia 183 $acr$2rdacarrier 200 10$aPerceptions ottomanes du surnaturel $eAspects de l?histoire intellectuelle d?une culture islamique à l?époque moderne /$fMarinos Sariyannis 210 $aParis $cPublications de l?École Pratique des Hautes Études$d2021 215 $a1 online resource (136 p.) 225 1 $aLes conférences de l?EPHE 311 $a2-204-13709-X 330 $aMarinos Sariyannis explore dans ce petit livre les perceptions qu?avaient les différents groupes d?Ottomans du surnaturel, c?est-à-dire des phénomènes qu?une culture donnée regarde comme échappant aux lois naturelles et comme étant difficiles ou même impossibles à expliquer par la pensée humaine. Il étudie les attitudes à l?égard de ces phénomènes, en tenant compte de l?existence de diverses « cultures » ottomanes : culture populaire, culture soufie favorisant une vision magique du monde, mais aussi culture des oulémas et culture des classes urbaines artisanales et commerçantes, qui préféraient une vision du monde plus rationalisée. L?auteur examine les géographies merveilleuses, les événements et les phénomènes extraordinaires décrits par les sources ottomanes, les miracles des prophètes et des saints, le monde des rêves et des anges, les apparitions des âmes des morts, des esprits et des djinns ; il étudie la magie, la divination et les sciences occultes ottomanes, leur place dans la classification du savoir, les attitudes envers les pratiques magiques et divinatoires ; enfin, il tente de repérer les routes possibles d?un certain « désenchantement », d?un recul (même partiel) des croyances et des interprétations surnaturelles en faveur d?une vision du monde plus matérialiste. 606 $aReligion 606 $aHistory 606 $amagie 606 $amiracles 606 $asurnaturel 606 $asoufisme 606 $aottomans 606 $aoulémas 610 $amagie 610 $amiracles 610 $asurnaturel 610 $asoufisme 610 $aottomans 610 $aoulémas 615 4$aReligion 615 4$aHistory 615 4$amagie 615 4$amiracles 615 4$asurnaturel 615 4$asoufisme 615 4$aottomans 615 4$aoulémas 700 $aSariyannis$b Marinos$01286118 701 $aVatin$b Nicolas$0642055 801 0$bFR-FrMaCLE 906 $aBOOK 912 $a9910495655303321 996 $aPerceptions ottomanes du surnaturel$93019716 997 $aUNINA